000 00576nam a22001817a 4500
999 _c167458
_d167458
005 20220714104557.0
010 _aENG-126408
020 _c125.00
_a978-93-80005-22-5
035 _aEN-109940
037 _bDBAD/PUB
082 _a921
100 _aFranklin,Benjamin
245 _aThe Autobiography Of Benjamin Franklin /
_cby Benjamin Franklin
260 _aNoida
_bMaple Press Private Limited
_c2017
270 _bNoida
_aA -63,Sector58
_e201301
_k911204553581 ,4553583
_minfo@maplepress.co.in
300 _a184p.
_c22cm(pbk)
942 _2ddc
_cEN
_h921
_mFRA